| 000 | 01403cam a2200457Ii 4500 | ||
|---|---|---|---|
| 001 | sjds1241722 | ||
| 003 | sjds | ||
| 005 | 20240527221354.0 | ||
| 008 | 141006s2014 sp a j 000 0 spa d | ||
| 020 | _a9788492608775 (board book) | ||
| 020 | _a8492608773 | ||
| 035 | _a1028443 | ||
| 035 |
_a(OCoLC)892420243 _z(OCoLC)943690754 |
||
| 035 | _a970330 | ||
| 035 | _a(OCoLC)ocn892420243 | ||
| 035 | _a1028443 | ||
| 035 | _a1028443 | ||
| 040 |
_aOQX _beng _erda _cOQX _dOQX _dOCLCO _dJTH _dBDX _dT7A _dOCLCF _dBTCTA _dIFA |
||
| 049 | _aIFAA | ||
| 099 | _f2014 | ||
| 100 | 1 |
_aRubio, Antonio, _d1953- _eauthor. |
|
| 245 | 1 | 0 |
_aZapato / _cAntonio Rubio y Oscar Villan. |
| 250 | _aPrimera edicion. | ||
| 260 |
_aSevilla : _bKalandraka, _c2014 |
||
| 264 | 1 |
_aSevilla : _bKalandraka ; _c2014. |
|
| 300 |
_a1 volume (unpaged) : _bcolor illustrations ; _c16 x 16 cm. |
||
| 336 |
_atext _btxt _2rdacontent |
||
| 336 |
_astill image _bsti _2rdacontent |
||
| 337 |
_aunmediated _bn _2rdamedia |
||
| 338 |
_avolume _bnc _2rdacarrier |
||
| 490 | 1 | _aDe la cuna a la luna | |
| 500 | _aCover title. | ||
| 500 | _aOn board pages. | ||
| 520 | _aA child describes shoes. | ||
| 650 | 0 |
_aShoes _vJuvenile fiction. |
|
| 650 | 7 |
_aZapatos _vNovela juvenil. _2bidex |
|
| 700 | 1 |
_aVillan, Oscar, _eillustrator. |
|
| 830 | 0 | _aDe la cuna a la luna. | |
| 942 | _cBK | ||
| 999 |
_c29838 _d29836 |
||
| 999 | _bESPANOL BOARD BOOKS RUBIO HERRERO 2014 | ||